000 00348cam a22001097a 4500
008 180718b1960 xxu||||| |||| 00| 0 eng d
082 _aA6x669 Un3
100 _aUnited Kingdom. High Commissioner
245 _aNigeria: the making of a Nation
_cby High Commissioner
260 _aNew Delhi
_bBritish Information Services in India
_c1960
300 _a65p.
999 _c487340
_d487340